El sabueso de los Baskerville / (Registro nro. 209)
[ vista simple ]
| 000 -LEADER | |
|---|---|
| fixed length control field | 01057nam a22002297a 4500 |
| 003 - CONTROL NUMBER IDENTIFIER | |
| control field | OSt |
| 005 - DATE AND TIME OF LATEST TRANSACTION | |
| control field | 20260204122651.0 |
| 008 - FIXED-LENGTH DATA ELEMENTS--GENERAL INFORMATION | |
| fixed length control field | 240305s2005 ag ||||| |||| 00| 1 spa d |
| 020 ## - INTERNATIONAL STANDARD BOOK NUMBER | |
| International Standard Book Number | 950-01-0830-5 |
| 040 ## - CATALOGING SOURCE | |
| Transcribing agency | besoc |
| 100 1# - MAIN ENTRY--PERSONAL NAME | |
| Personal name | Doyle, Arthur Conan, |
| Dates associated with a name | 1859-1930, |
| Relator term | autor |
| 245 13 - TITLE STATEMENT | |
| Title | El sabueso de los Baskerville / |
| Statement of responsibility, etc. | Arthur Conan Doyle ; traducción César Aira |
| 260 ## - PUBLICATION, DISTRIBUTION, ETC. | |
| Place of publication, distribution, etc. | Buenos Aires : |
| Name of publisher, distributor, etc. | Estrada, |
| Date of publication, distribution, etc. | 2005 |
| 300 ## - PHYSICAL DESCRIPTION | |
| Extent | 199 p. ; |
| Dimensions | 19 cm |
| 490 0# - SERIES STATEMENT | |
| Series statement | Colección azulejo ; |
| Volume/sequential designation | 9 |
| 500 ## - GENERAL NOTE | |
| General note | Edición anotada con propuesta de actividades. |
| 520 ## - SUMMARY, ETC. | |
| Summary, etc. | Esta atrapante aventura de Sherlock Holmes ya se ha convertido en un clásico del genero policial. Escenarios desolados, personajes envueltos por el ministerio, el peso de una maldición y los aterradores ladridos que se escuchan en la noche... son alguno de los condimentos que se agregan a esta historia de enigma electrizante. [Nota del editor] |
| 650 #7 - SUBJECT ADDED ENTRY--TOPICAL TERM | |
| Topical term or geographic name entry element | Literatura inglesa |
| Source of heading or term | embne |
| 655 #7 - INDEX TERM--GENRE/FORM | |
| Source of term | embne |
| Genre/form data or focus term | Novelas policiacas |
| 700 1# - ADDED ENTRY--PERSONAL NAME | |
| Personal name | Aira, César, |
| Dates associated with a name | 1949- |
| Relator term | traductor |
| 942 ## - ADDED ENTRY ELEMENTS (KOHA) | |
| Source of classification or shelving scheme | Universal Decimal Classification |
| Koha item type | Obra General |
| Suppress in OPAC | No |
| Withdrawn status | Lost status | Source of classification or shelving scheme | Damaged status | Not for loan | Collection | Home library | Current library | Date acquired | Total checkouts | Full call number | Barcode | Date last seen | Price effective from | Koha item type |
|---|---|---|---|---|---|---|---|---|---|---|---|---|---|---|
| Universal Decimal Classification | Colección General | Biblioteca Escuela de Ciencias Sociales | Biblioteca Escuela de Ciencias Sociales | 27/05/2024 | 82-312.4(410.1) D754 | 001009 | 27/05/2024 | 27/05/2024 | Obra General |